| 000 | 00579caa a2200169 i 4500 | ||
|---|---|---|---|
| 005 | 20260215102723.0 | ||
| 008 | 250721s1981 iq gr 000 j ara d | ||
| 082 | 1 | 4 |
_aق _bي ا س |
| 100 | 1 |
_aياسين، فرج _eمؤلف. |
|
| 245 | 1 | 0 |
_aحوار اخر / _cفرج ياسين. |
| 264 | 3 | 1 |
_aالعراق : _bدار الرش للنشر، _c1981. |
| 490 | 0 |
_aسلسلة القصة والمسرحية ؛ _vرقم 123. |
|
| 650 | 1 | 7 | _aالقصص العربية. |
| 830 | 0 | _aسلسلة القصة والمسرحية. | |
| 942 |
_2ddc _cART |
||
| 999 |
_c101019 _d101019 |
||